| 000 | 00412 a2200097 4500 | ||
|---|---|---|---|
| 245 | 0 | 0 |
_aPrzełączniki zaczepów pod obciążeniem. Metody badań - Pomiar rezystancji torów prądowych głównych, sprawdzenie nagrzewania PN-87/E-04063.03 / _cInstutyt Energetyki. |
| 246 | 1 | 3 | _aPN-87/E-04063.03 |
| 246 | 1 | 3 | _a621.314.21;621.316.543.3 |
| 260 |
_aWarszawa : _bInstutyt Energetyki, _c1987. |
||
| 300 |
_a2 stron ; _c30 cm. |
||
| 650 | _aPolska norma | ||
| 999 |
_c19715 _d19715 |
||